Statistics for Countries With Eight Letters

Click here to take the quiz!

General Stats

  • This quiz has been taken 1,523 times
    (1,285 since last reset)
  • The average score is 18 of 25

Answer Stats

country% Correct
Thailand
83%
Colombia
82%
Honduras
80%
Botswana
79%
Ethiopia
79%
Paraguay
79%
Bulgaria
78%
Cambodia
78%
Cameroon
78%
Portugal
78%
Zimbabwe
78%
Slovakia
77%
Slovenia
77%
Tanzania
76%
Pakistan
74%
Mongolia
73%
Djibouti
72%
Malaysia
72%
Suriname
70%
Dominica
68%
Kiribati
67%
Barbados
64%
Eswatini
61%
Maldives
60%
Sri Lanka
59%

Score Distribution

Percentile by Number Answered

Percent of People with Each Score

Your Score History

You have not taken this quiz since the last reset